top 10 des langues les plus parlées au monde - Statistiques

Statistiques générales
  • Ce quiz a été pris 278 fois
  • Le résultat moyen est 3 sur 10
Statistiques - réponses
Hint Réponse % Correct
1 Anglais
95%
2 Mandarin
60%
7 Français
45%
5 Arabe
36%
3 Hindi
23%
8 Russe
23%
4 Espagnole
11%
6 Bengali
4%
10 Ourdou
4%
9 Porugais
0%
Aucun quiz correspondant
Distribution des résultats
% des personnes avec chaque résultat
Percentile par nombre de réponses
Votre historique - résultats
Vous n’avez pas pris ce quiz